000 00304nam a22001337a 4500
008 181106b xxu||||| |||| 00| 0 eng d
020 _a9780912912066
041 _aeng
080 _26 TH
_a616.12
100 _a7
101 _aKAR
245 _aRapid Interpretation Of Ekg
_cDale.D
942 _2udc
_cBK
999 _c52041
_d52041